000
00225nam a22000857a 4500
008
170329b xxu||||| |||| 00| 0 eng d
100
_9
3056
_a
CBSE
245
_a
Sample Paper Communicative English-10
260
_a
New Delhi
_b
CBSE
_c
2010
999
_c
6324
_d
6324